[Event "Polugaevsky Memorial 2018"]
[Site "Samara"]
[Date "2018.07.18"]
[Round "9"]
[White "Lugovskoy, Maxim"]
[Black "Karpenko, Artem"]
[Result "1-0"]
[WhiteElo "2391"]
[BlackElo "2383"]
[Annotator "NA"]
[PlyCount "113"]
[EventDate "2018.07.10"]
[EventType "swiss"]
[EventCountry "RUS"]
[SourceTitle "playchess.com"]
[Source "ChessBase"]
[SourceQuality "1"]
[TimeControl "40/5400+30:1800+30"]

1. d4 {[%emt 0:00:00]} d5 {[%emt 0:01:36]} 2. Nc3 {[%emt 0:00:00]} Nf6 {[%emt 0:00:26]} 3. Bf4 {[%emt 0:00:00]} a6 {[%emt 0:00:22]} 4. Nf3 {[%emt 0:00:14] D00: 1 d4 d5: Unusual lines} (4. e3 e6 5. Qf3 c5 6. O-O-O Nc6 7. Nge2 cxd4 8. Nxd4 Bb4 9. Nxc6 bxc6 10. Be5 Bd6 11. Bxd6 Qxd6 {½-½ (30) Jobava,B (2690)-Berkes,F (2662) Villorba 2018}) 4... e6 {[%emt 0:00:25]} 5. e3 {[%emt 0:00:05]} c5 {[%emt 0:00:36]} 6. Bd3 {[%emt 0:00:06]} b5 {[%emt 0:01:10]} 7. dxc5 {[%emt 0:04:28]} Bxc5 {[%emt 0:00:58]} 8. Qe2 $146 {[%emt 0:00:05]} ({Predecessor:} 8. e4 d4 9. Ne2 Bb7 10. Ng3 Qa5+ 11. Kf1 Nbd7 {1-0 (38) Gundavaa,B (2503)-Mohammad,N (2415) Pardubice 2016}) 8... b4 {[%emt 0:07:56]} 9. Nb1 {[%emt 0:00:19]} Bb7 {[%emt 0:00:53]} 10. Nbd2 {[%emt 0:00:13]} Qb6 {[%emt 0:05:16]} 11. O-O {[%emt 0:08:26]} Nbd7 {[%emt 0:01:58]} 12. Ne5 {[%emt 0:03:28]} O-O {[%emt 0:05:31]} 13. Ndf3 {[%emt 0:11:40]} Nxe5 {[%emt 0:03:06]} 14. Nxe5 {[%emt 0:00:21]} Bd6 {[%emt 0:03:09]} 15. Bg3 {[%emt 0:22:12]} Qc7 {[%emt 0:05:12]} 16. f4 {[%emt 0:04:27]} Rfc8 {[%emt 0:03:08]} 17. Nf3 {[%emt 0:03:26]} Qb6 {[%emt 0:04:42]} 18. Bh4 {[%emt 0:02:28]} Bxf4 {[%emt 0:16:07]} 19. Nd4 {[%emt 0:01:58]} Be5 {[%emt 0:00:06]} 20. Bxf6 {[%emt 0:01:00]} gxf6 {[%emt 0:16:28]} 21. Qg4+ {[%emt 0:06:22]} Kf8 {[%emt 0:00:23]} 22. Qh4 {[%emt 0:02:39]} Ke7 {[%emt 0:04:21]} 23. Rf2 {[%emt 0:00:21]} Rf8 {[%emt 0:03:50]} 24. a3 {[%emt 0:04:12]} Kd7 {[%emt 0:04:58]} 25. axb4 {[%emt 0:01:39]} Qxb4 {[%emt 0:01:25]} 26. c3 {[%emt 0:00:52]} Qb6 {[%emt 0:01:38]} 27. Kh1 {[%emt 0:05:46]} f5 {[%emt 0:01:08]} 28. Ra3 {[%emt 0:00:54]} Qd8 {[%emt 0:01:10]} 29. Qh5 {[%emt 0:00:21]} Bd6 {[%emt 0:01:44]} 30. Rb3 {[%emt 0:01:15]} Rb8 {[%emt 0:02:20]} 31. c4 {[%emt 0:01:55]} Qa5 {[%emt 0:01:40]} 32. Rc3 {[%emt 0:02:06]} dxc4 {[%emt 0:00:46]} 33. Bxc4 {[%emt 0:00:11]} Be4 {[%emt 0:01:01]} 34. Rc1 {[%emt 0:01:15]} Rbc8 {[%emt 0:00:32]} 35. b3 {[%emt 0:00:16]} Qe5 {[%emt 0:00:45]} 36. Rd1 {[%emt 0:00:01]} Ke7 {[%emt 0:00:31]} 37. Ne2 $2 {[%emt 0:01:10] [#]} (37. Qh4+ $11 Ke8 38. Qh5) 37... Rcd8 {[%emt 0:00:33]} (37... Qf6 $1 $19 38. Nd4 Bc5 39. Bxa6 Rcd8) 38. Ng3 {[%emt 0:02:19]} Bc7 {[%emt 0:00:27]} ({Black should play} 38... Bb7 $17 39. Nxf5+ exf5 40. Rxf5 Qg7 41. Qh4+ f6) 39. Rdf1 {[%emt 0:03:15]} Bb7 {[%emt 0:00:41]} 40. Be2 {[%emt 0:00:00]} Ke8 {[%emt 0:00:00]} 41. Qh4 {[%emt 0:08:22]} Rd7 {[%emt 0:08:15]} (41... Rg8 $17 42. Nh5 (42. Qa4+ Rd7 $17) 42... Kf8) 42. Nh5 {[%emt 0:07:36]} f6 {[%emt 0:04:33]} 43. Bc4 {[%emt 0:03:02]} Re7 {[%emt 0:01:10]} 44. Nf4 {[%emt 0:02:01]} Rg8 {[%emt 0:00:53]} 45. Bxe6 {[%emt 0:05:38]} Rg5 {[%emt 0:08:06]} 46. Bc4 {[%emt 0:02:16]} Qxe3 {[%emt 0:08:09]} (46... Bb6 $1 $15 47. Qh3 Bxe3) 47. Nd5 {[%emt 0:09:30]} Bxd5 {[%emt 0:00:10]} 48. Bxd5 {[%emt 0:00:01]} Bb6 {[%emt 0:02:51] [#]} 49. Rc2 {[%emt 0:00:28]} (49. Bc6+ $1 $18 Kd8 50. Rc2) 49... Qd4 {[%emt 0:00:38]} 50. Bc6+ {[%emt 0:00:42]} Kf8 {[%emt 0:00:36]} 51. Qh6+ {[%emt 0:00:21]} Rgg7 {[%emt 0:00:25]} 52. Bf3 {[%emt 0:00:35]} Kg8 {[%emt 0:00:37]} 53. Rc8+ {[%emt 0:01:06]} Bd8 {[%emt 0:00:25]} 54. Qc1 {[%emt 0:00:39]} Qb6 {[%emt 0:00:42]} 55. Qc6 $18 {[%emt 0:01:54]} (55. Bd5+ $142 Kf8 56. Qa3) 55... Qa5 {[%emt 0:00:29]} 56. Qd5+ {[%emt 0:00:13]} Qxd5 {[%emt 0:00:16]} 57. Bxd5+ {[%emt 0:00:01]} 1-0

[Event "Polugaevsky Memorial 2018"]
[Site "Samara"]
[Date "2018.07.18"]
[Round "9"]
[White "Skatchkov, Valery"]
[Black "Remizov, Yaroslav"]
[Result "0-1"]
[WhiteElo "2287"]
[BlackElo "2308"]
[Annotator "ChessBase"]
[PlyCount "96"]
[EventDate "2018.07.10"]
[EventType "swiss"]
[EventCountry "RUS"]
[SourceTitle "playchess.com"]
[Source "ChessBase"]
[SourceQuality "1"]
[TimeControl "40/5400+30:1800+30"]

1. d4 {[%emt 0:00:00]} Nf6 {[%emt 0:00:00]} 2. c4 {[%emt 0:00:00]} e6 {[%emt 0:00:00]} 3. Nf3 {[%emt 0:00:16]} d5 {[%emt 0:00:00]} 4. Nc3 {[%emt 0:00:31]} c6 {[%emt 0:01:15]} 5. e3 {[%emt 0:00:32]} Nbd7 {[%emt 0:02:54]} 6. Qc2 {[%emt 0:00:07]} Bd6 {[%emt 0:06:37]} 7. Bd3 {[%emt 0:00:05]} dxc4 {[%emt 0:00:59]} 8. Bxc4 {[%emt 0:00:22]} b5 {[%emt 0:00:28]} 9. Bd3 {[%emt 0:00:09]} Bb7 {[%emt 0:01:11]} 10. O-O {[%emt 0:00:29]} O-O {[%emt 0:01:56]} 11. a3 {[%emt 0:00:03]} a5 {[%emt 0:21:40]} 12. e4 {[%emt 0:15:26]} e5 {[%emt 0:03:00]} 13. Bg5 {[%emt 0:12:50]} exd4 {[%emt 0:11:12]} 14. Nxd4 {[%emt 0:02:04]} Bxh2+ {[%emt 0:00:50]} 15. Kxh2 {[%emt 0:00:09]} Ng4+ {[%emt 0:00:04]} 16. Kg3 {[%emt 0:01:14]} Qxg5 {[%emt 0:01:01]} 17. f4 {[%emt 0:01:35]} Qd8 {[%emt 0:00:16]} 18. e5 {[%emt 0:04:53]} g6 {[%emt 0:19:42]} 19. Kxg4 {[%emt 0:01:16]} Nxe5+ {[%emt 0:00:23]} 20. fxe5 {[%emt 0:00:14]} Qxd4+ {[%emt 0:00:03]} 21. Rf4 {[%emt 0:14:58]} Qxe5 {[%emt 0:01:59]} 22. Raf1 {[%emt 0:08:58]} h5+ {[%emt 0:04:14]} 23. Kf3 {[%emt 0:01:22]} Rfe8 {[%emt 0:08:16]} 24. g3 {[%emt 0:01:25]} g5 {[%emt 0:00:22]} 25. Re4 {[%emt 0:21:53]} c5 {[%emt 0:00:05]} 26. Kg2 {[%emt 0:01:55]} f5 {[%emt 0:02:06]} 27. Qb3+ {[%emt 0:00:40]} c4 {[%emt 0:00:36]} 28. Bxc4+ {[%emt 0:00:04]} Kh8 {[%emt 0:00:11]} 29. Qd1 {[%emt 0:01:44]} Bxe4+ {[%emt 0:00:34]} 30. Kh2 {[%emt 0:00:06]} bxc4 {[%emt 0:04:14]} 31. Qxh5+ {[%emt 0:00:06]} Kg8 {[%emt 0:00:05]} 32. Nxe4 {[%emt 0:00:19]} Qh8 {[%emt 0:00:07]} 33. Qxh8+ {[%emt 0:00:04]} Kxh8 {[%emt 0:00:04]} 34. Nxg5 {[%emt 0:00:04]} Re2+ {[%emt 0:00:08]} 35. Kh3 {[%emt 0:00:04]} Rxb2 {[%emt 0:00:29]} 36. Rxf5 {[%emt 0:00:09]} Rc8 {[%emt 0:02:22]} 37. Nf7+ {[%emt 0:00:14]} Kg8 {[%emt 0:00:47]} 38. Nd6 {[%emt 0:00:05]} Rc6 {[%emt 0:00:16]} 39. Nxc4 {[%emt 0:00:07]} Rxc4 {[%emt 0:00:03]} 40. Rxa5 {[%emt 0:00:00]} Rc3 {[%emt 0:00:00]} 41. Ra8+ {[%emt 0:00:16]} Kf7 {[%emt 0:00:14]} 42. Ra7+ {[%emt 0:00:05]} Kf6 {[%emt 0:00:15]} 43. Ra6+ {[%emt 0:00:03]} Ke5 {[%emt 0:00:04]} 44. Ra5+ {[%emt 0:00:02]} Ke4 {[%emt 0:00:06]} 45. Ra4+ {[%emt 0:00:04]} Ke3 {[%emt 0:00:31]} 46. Ra8 {[%emt 0:00:09]} Kf2 {[%emt 0:00:14]} 47. Rf8+ {[%emt 0:00:06]} Rf3 {[%emt 0:00:02]} 48. Rg8 {[%emt 0:00:07]} Rbb3 {[%emt 0:00:06]} 0-1

[Event "Polugaevsky Memorial 2018"]
[Site "Samara"]
[Date "2018.07.18"]
[Round "9"]
[White "Korchagina, Alena"]
[Black "Fedorov, Alexei"]
[Result "0-1"]
[WhiteElo "2213"]
[BlackElo "2572"]
[Annotator "TA"]
[PlyCount "68"]
[EventDate "2018.07.10"]
[EventType "swiss"]
[EventCountry "RUS"]
[SourceTitle "playchess.com"]
[Source "ChessBase"]
[SourceQuality "1"]

{[%evp 15,68,11,25,-16,-10,-8,-8,0,32,0,7,0,25,-8,0,-38,-50,-48,-41,-51,-58,-97,-94,-132,-118,-143,-143,-315,-308,-562,-470,-477,-481,-650,-643,-679,-698,-1185,-710,-920,-932,-1204,-1210,-1210,-1171,-1203,-1202,-1195,-1158,-1150,-1146,-1118,-1093,-1381,-1360]} 1. d4 Nf6 2. Nf3 g6 3. Bf4 Bg7 4. e3 d6 5. h3 O-O 6. Be2 Nc6 7. O-O Qe8 8. Bh2 {A48: 1 d4 Nf6 2 Nf3 g6: Torre, London and Colle Systems} e5 {LiveBook: 15 Games} 9. d5 $146 ({Predecessor:} 9. c4 Ne4 10. dxe5 dxe5 11. Nbd2 Nc5 12. Nb3 Na4 13. Qc2 a5 14. a3 Bf5 15. e4 Be6 {½-½ (68) Kayumov,S (2505)-Korobov,A (2680) Dubai 2014}) 9... Nb4 10. c4 {The position is equal.} a5 11. Nc3 Bd7 12. a3 Na6 13. b3 Qe7 14. Rb1 Nc5 15. b4 axb4 16. axb4 Na4 17. Nxa4 Rxa4 18. c5 {[#] c6! is the strong threat.} Rfa8 19. Qb3 Ra3 20. Qc4 b5 21. Qh4 $2 (21. cxb6 $17 cxb6 22. Rb3) 21... h6 $19 ({Not} 21... dxc5 22. Nxe5 c4 23. Bf3 $15) ({Weaker is} 21... Nxd5 22. Qxe7 Nxe7 23. Rfd1 $15) 22. Nd2 $2 (22. Rbd1) 22... g5 {Black is clearly winning.} 23. Qg3 Ra2 24. c6 Rxd2 25. Bxb5 Bf5 26. Ra1 Rb8 27. Bc4 e4 28. f3 exf3 29. Rxf3 Be4 30. Qe1 {[#]} Rxg2+ $1 {[%mdl 512]} 31. Kxg2 Bxf3+ 32. Kxf3 Qe4+ 33. Kf2 Qxc4 34. Rc1 Qxd5 {Precision: White = 18%, Black = 87%.} 0-1

[Event "Polugaevsky Memorial 2018"]
[Site "Samara"]
[Date "2018.07.18"]
[Round "9"]
[White "Velichko, Arseny"]
[Black "Shinkevich, Vitaly"]
[Result "0-1"]
[WhiteElo "2177"]
[BlackElo "2432"]
[Annotator "TA"]
[PlyCount "60"]
[EventDate "2018.07.10"]
[EventType "swiss"]
[EventCountry "RUS"]
[SourceTitle "playchess.com"]
[Source "ChessBase"]
[SourceQuality "1"]

{[%evp 13,60,19,13,0,0,0,40,22,49,53,49,15,16,0,13,0,0,0,0,-72,-60,-115,-64,-86,-102,-135,-105,-151,-138,-485,-489,-466,-453,-787,-787,-771,-778,-1081,-1083,-1045,-1047,-1068,-1063,-1132,-1085,-1315,-1310,-1306,-1300]} 1. d4 Nf6 2. c4 e6 3. Nf3 Bb4+ 4. Bd2 a5 5. e3 O-O 6. Bd3 d5 7. O-O b6 {LiveBook: 4 Games} 8. cxd5 {E11: Bogo-Indian} (8. a3 Be7 9. Nc3 Bb7 10. cxd5 exd5 11. b3 Nbd7 12. Bc1 Re8 13. Bb2 Ne4 14. Qc2 Bf8 15. Ne2 Bd6 {0-1 (46) Sarana,A (2587)-Romanov,E (2619) Sochi 2018}) 8... exd5 9. Ne5 Bd6 $146 ({Predecessor:} 9... Bb7 10. Nc3 Re8 11. Rc1 c6 12. f4 Nbd7 13. Rf3 Bxc3 14. Bxc3 {1-0 (21) Gavrilov,A (2491)-Van Egmond,R (2151) Leiden 2017}) 10. Nc3 {White is slightly better.} c5 11. f4 Bb7 12. Qf3 Nc6 13. Nb5 Be7 14. Rac1 Nb4 15. Bb1 Ne4 16. Bc3 {[#]} (16. Rfd1 $11 {keeps the balance.}) 16... f6 $1 $17 {[%cal Rf6e5]} 17. Nd3 (17. Nc4 $15) 17... Qd7 ({Black should try} 17... c4 $17 18. Nf2 f5) 18. a4 $15 c4 $36 {[%cal Bc5c4,Bc4b3][%mdl 2080] Black is on the roll.} 19. Ne1 Rfe8 20. b3 Rac8 ({Weaker is} 20... cxb3 21. Bxb4 Bc6 22. Bxe7 $14) 21. Na7 $2 {[%mdl 8192] [#]} (21. Qd1 $17 {is more resistant.}) 21... cxb3 $19 {Black is clearly winning.} 22. Nxc8 Rxc8 23. Bxe4 (23. Bb2 $142 Rxc1 24. Bxc1) 23... dxe4 24. Qd1 Na2 25. Bb2 Nxc1 26. Bxc1 Bd5 27. Rf2 Qxa4 28. Bb2 Qd7 29. g4 a4 30. g5 f5 {Precision: White = 21%, Black = 63%.} 0-1

[Event "Polugaevsky Memorial 2018"]
[Site "Samara"]
[Date "2018.07.18"]
[Round "9"]
[White "Dubinin, Alexandr"]
[Black "Frolyanov, Dmitry"]
[Result "0-1"]
[WhiteElo "2161"]
[BlackElo "2540"]
[Annotator "TA"]
[PlyCount "90"]
[EventDate "2018.07.10"]
[EventType "swiss"]
[EventCountry "RUS"]
[SourceTitle "playchess.com"]
[Source "ChessBase"]
[SourceQuality "1"]

{[%evp 15,90,0,28,-8,26,14,17,-59,-51,-56,-49,-68,-50,-73,-59,-122,-93,-81,-51,-60,0,-90,-93,-93,-95,-90,-62,-179,-139,-135,-122,-114,-83,-87,-95,-95,-85,-84,-86,-79,-12,-14,-14,-53,-51,-57,-57,-56,-49,-51,-39,-47,-23,-14,-26,-16,0,-1,-4,0,0,-256,-253,-204,-215,-215,-128,-1313,-1362,-5069,-404,-550,-535,-870,-503,-5679,-5704]} 1. e4 c5 2. Nf3 d6 3. d4 cxd4 4. Nxd4 Nf6 5. Nc3 a6 6. Nb3 Nbd7 {B90: Sicilian Najdorf: Unusual White 6th moves, 6 Be3 Ng4 and 6 Be3 e5} 7. g4 h6 8. Bg2 b5 {[%cal Bb7b5,Bb5b4][%mdl 32] LiveBook: 5 Games. The position is equal.} 9. Qe2 (9. f4 $5 {[%cal Re4e5]} Bb7 10. a3 $11) 9... Bb7 10. Bd2 $146 ({Predecessor:} 10. h4 b4 11. Nd5 Nxd5 12. exd5 Nf6 13. a3 Bxd5 14. Bxd5 Nxd5 15. axb4 {½-½ (30) Grischuk,A (2742)-Sadzikowski,D (2538) Germany 2017}) 10... e6 {[%cal Be7e6,Be6e5][%mdl 32]} 11. f4 ({White should try} 11. a3 $11) 11... b4 $1 $15 {[%cal Rb4c3]} 12. Nd1 a5 13. Nf2 e5 14. O-O Be7 15. Rad1 (15. Rfd1 $1 $15) 15... Qc7 16. Nd3 Qc4 17. Rfe1 O-O (17... Ba6 $15 18. Be3 a4) 18. c3 (18. g5 $11 {keeps the balance.} hxg5 19. fxg5) 18... a4 $17 19. Nbc1 bxc3 $1 20. Bxc3 exf4 (20... a3 {seems wilder.} 21. g5 hxg5 22. fxg5 Nh7 23. h4 Rfc8) 21. e5 (21. Nxf4 $15 Qxe2 22. Rxe2) 21... f3 22. Bxf3 Bxf3 23. Qxf3 Qxg4+ 24. Qxg4 Nxg4 25. e6 Nb6 26. h3 {[#]} Nf6 $1 27. Nf4 g5 ({Better is} 27... Kh7 $17) 28. exf7+ $11 Kxf7 29. Ng6 (29. Rxe7+ $5 Kxe7 30. Ng6+ Kd7 31. Nxf8+ Rxf8 32. Rxd6+ Kxd6 33. Bb4+ Ke6 34. Bxf8 $11) 29... Kxg6 30. Rxe7 Nbd5 31. Bxf6 Kxf6 32. Ree1 Ra5 {[#]} 33. b4 $1 {[%mdl 512]} Nxb4 {Hoping for ...d5.} 34. Rxd6+ Kg7 35. Ree6 Rf7 36. Rxh6 Raf5 {...Rf1+ is the strong threat.} 37. Rhg6+ Kf8 {Threatens to win with ...Rf1+.} 38. Rb6 $2 {[%mdl 8192]} (38. Rd8+ $11 {and White is okay.} Ke7 39. Rd1) 38... Rf1+ $19 39. Kg2 R7f2+ (39... Rxc1 40. Rb8+ Ke7 41. Rb7+ Kf8 42. Rxb4 $11) 40. Kg3 {[#]} Nd5 ({Not} 40... Nxa2 41. Nd3 $11) (40... Rf3+ $1 $19 41. Kh2 Rxc1 42. Rxb4 Rc2+ 43. Kg1 Rg3+ 44. Kf1 Rxh3) 41. Rb5 $2 {[%mdl 8192]} (41. Rb8+ $17 Kf7 42. Rc6) 41... Rf3+ 42. Kg4 Rf5 (42... Ne3+ $142 43. Kxg5 Rg1+ 44. Kh4 Rxg6) 43. Rxd5 Rxd5 {Black is clearly winning.} 44. Ne2 Rf2 45. Nc3 (45. Re6 $142 Rd2 46. Nc1) 45... Rf4+ {Precision: White = 31%, Black = 47%.} 0-1